Las obras completas del emperador Claudio Flavio Juliano /
Guardado en:
| Autor Principal: | |
|---|---|
| Otros Autores: | |
| Formato: | Libro |
| Idioma: | Spanish |
| Publicado: |
s.l :
s.ed.,
1924.
|
| Etiquetas: |
Agregar Etiqueta
Sin Etiquetas, Sea el primero en etiquetar este registro!
|
| LEADER | 00517nam a22001575a 4500 | ||
|---|---|---|---|
| 001 | EHU.bham049949 | ||
| 003 | AR-BHAM | ||
| 005 | 20050623122921.0 | ||
| 008 | 041125s1924####xx############000#0#spa#d | ||
| 082 | 0 | 4 | |a 888 |
| 100 | 1 | |a Juliano, Flavio C. | |
| 245 | 1 | 4 | |a Las obras completas del emperador Claudio Flavio Juliano / |c Flavio C. Juliano, Ezequiel Spanheim. |
| 260 | |a s.l : |b s.ed., |c 1924. | ||
| 300 | |a 2 v. | ||
| 700 | 1 | |a Spanheim, Ezequiel |e traducción. | |
| 859 | |a AR-BHAM |b BIB. HUMANIDADES - Seccion BC |h 888 |i J92-1 |p BC421/959 |v v.1 BC | ||
